000 01022nam a2200253Ia 4500
003 OSt
005 20220930204425.0
006 a|||||r|||| 00| 0
007 ta
008 220926b |||||||| |||| 00| 0 hin d
024 _a56021
037 _cDissertations
040 _aCRL
_cCRL
_bhin
041 _2hin
_ahin
100 _aअल्का मणि, ले.
110 _aदिल्ली विश्वविद्यालय. कला संकाय. हिंदी विभाग
245 0 _aराधेश्याम कथावाचक की रंगयात्रा और मेरा नाटक काल।
246 _aRādheshyām kathāvāchak kī rangayātrā aur merā nāṭak kāla।
260 _c2017
300 _a151 पृ.
_ccm.
700 _aदिल्ली विश्वविद्यालय. कला संकाय. हिंदी विभाग
942 _cDIS
_2CC
999 _c906007
_d906007